000 00852nas a2200277 4500
001 BR0901473
003 BR-BrBNA
005 20231205113226.0
007 ta
008 230509b bl.|||p| |||| 00| 00por d
040 _aBR-BrBNA
_bpor
_cBiblioteca Nacional de Agricultura
041 _a(Pt)
072 _aL73; L74
100 1 _aReichmann, P.
100 1 _aDearo, a.C. de O.
100 1 _aRodrigues, T.C.
245 1 _aOcorrência de doenças oftalmológicas em equinos utilizados para tração urbana na cidade de Londrina, PR
650 _aEQUINO
650 _aDOENÇA ANIMAL
650 _aPROFILAXIA
650 _aDISTÚRBIO FISIOLÓGICO
650 _aLONDRINA
773 0 _tCiência Rural (Brazil)
_xISSN 0103-8478
_g(Dec 2008), v. 38(9) p. 2525-2528
_wBR0901473
909 _a202311
_bLúcia
_c55
_dLúcia Elande
942 _2AGRIS
_n0
_cANA
999 _c202565
_d202565